Normal view MARC view
  • Sengupta, Atanu

Entry Personal Name

Number of records used in: 1

001 - CONTROL NUMBER

  • control field: 84699

003 - CONTROL NUMBER IDENTIFIER

  • control field: NUST

005 - DATE AND TIME OF LATEST TRANSACTION

  • control field: 20211119161554.0

008 - FIXED-LENGTH DATA ELEMENTS

  • fixed length control field: 211119|| aca||aabn | a|a d

040 ## - CATALOGING SOURCE

  • Original cataloging agency: NUST
  • Transcribing agency: NUST

100 ## - HEADING--PERSONAL NAME

  • Personal name: Sengupta, Atanu

670 ## - SOURCE DATA FOUND

  • Source citation: Work cat.: (NUST)31914: Sengupta, Atanu., Fuzzy Preference Ordering of Interval Numbers in Decision Problems /, c2009
© 2023 Central Library, National University of Sciences and Technology. All Rights Reserved.